[Event "Tenerife-chT Primera 1718"]
[Site "Tenerife"]
[Date "2018.03.10"]
[Round "12.2"]
[White "Rodriguez Acosta, Raul"]
[Black "Jimenez Arteaga, Angel"]
[Result "0-1"]
[WhiteElo "1503"]
[BlackElo "1807"]
[PlyCount "94"]
[EventDate "2017.11.11"]
[EventType "team-tourn"]
[EventRounds "14"]
[EventCountry "ESP"]
[SourceTitle "CBM 187 Extra"]
[Source "ChessBase"]
[SourceDate "2018.11.04"]
[SourceVersion "1"]
[SourceVersionDate "2018.11.04"]
[SourceQuality "1"]
[WhiteTeam "Laguna Cotelec III"]
[BlackTeam "Ebano Casa Venezuela III"]
[WhiteTeamCountry "ESP"]
[BlackTeamCountry "ESP"]

1. d4 d5 2. Nf3 Nf6 3. Bf4 c6 4. Nc3 Bf5 5. e3 Qa5 6. Nd2 e6 7. Nb3 Qd8 8. a3 Nbd7 9. Be2 h6 10. h3 Be7 11. 0-0 0-0 12. Bd3 Bxd3 13. cxd3 Nh7 14. Ne2 g5 15. Bh2 f5 16. f4 Nhf6 17. Ng3 Qe8 18. fxg5 hxg5 19. Na5 Qc8 20. Rc1 Bd6 21. b4 Qc7 22. Qf3 g4 23. Qf2 Kf7 24. Kh1 Rh8 25. e4 gxh3 26. e5 Ng4 27. Qf4 hxg2+ 28. Kxg2 Rag8 29. exd6 Rxh2+ 30. Kf3 Qd8 31. Nxb7 Qh4 32. Rce1 Qh3 33. Re2 Rxe2 34. Kxe2 Ngf6 35. Rg1 Rg4 36. Qf2 Qh4 37. Nd8+ Ke8 38. Nxe6 f4 39. Nf5 f3+ 40. Kxf3 Qh3+ 41. Rg3 Qh1+ 42. Ke2 Rxg3 43. Nxg3 Qa1 44. Qf5 Qb2+ 45. Ke3 Qc1+ 46. Kf2 Qh6 47. Qh5+ Nxh5 0-1